| 000 | 00459nam a2200181Ia 4500 | ||
|---|---|---|---|
| 003 | GCL | ||
| 008 | 140319s9999 xx 000 0 eng d | ||
| 040 |
_aGCL / _cGCL |
||
| 082 | 0 | 4 |
_aCH _b843 _bG S |
| 100 | 1 | _aGARDE, DOMINIQUE | |
| 245 | 1 | 0 |
_aLE SECRET DE BELLE FONTAINE / _cGARDE, DOMINIQUE |
| 260 |
_a[S.N] : _bEDITION HEMMA |
||
| 300 | _a125 P | ||
| 650 | 0 | 4 | _aCHILDREN - LITERATURE |
| 650 | 0 | 4 | _aCHILDREN |
| 650 | 0 | 4 | _aFRENCH FICTION |
| 942 |
_2ddc _cBK |
||
| 999 |
_c15633 _d15633 |
||